LEADER 01446nam1 2200409 450 001 990002833900203316 005 20061109124657.0 035 $a000283390 035 $aUSA01000283390 035 $a(ALEPH)000283390USA01 035 $a000283390 100 $a20061109g--------km-y0itay50------ba 101 $aita 102 $aIT 105 $aa---||||001yy 200 1 $aSedilo. I monumenti 210 $aVillanova Monteleone$cSoter 215 $av.$cill.$d24 cm 225 2 $aAntichita sarde$iStudi e ricerche 300 $aIn cop.: Progetto Iloi; Universita degli studi di Sassari; Comune di Sedilo; Soprintendenza ai beni archeologici per le province di Cagliari e Oristano 410 0$12001$aAntichita sarde$iStudi e ricerche 454 1$12001 461 1$1001-------$12001 463 \1$1001990002833910203316$12001 $a<<1.>> : <> monumenti situati nell'area del progetto 463 \1$1001990002833920203316$12001 $a<<2.>> : <> monumenti del territorio del comune 463 \1$1001990002833930203316$12001 $a<<3.>> : <> monumenti nel contesto territoriale 606 0 $aScavi archeologici$ySedilo 676 $a937.9 801 0$aIT$bsalbc$gISBD 912 $a990002833900203316 951 $aI T SED 1/$bDBC$cI T 959 $aBK 969 $aDBC 979 $aDBC$b90$c20061109$lUSA01$h1243 979 $aDBC$b90$c20061109$lUSA01$h1246 996 $aSedilo. I monumenti$9993761 997 $aUNISA LEADER 01166cam0 22002533 450 001 SON0004162 005 20220722072824.0 010 $a8813209134 100 $a20010201d1998 |||||ita|0103 ba 101 $aita 102 $aIT 200 1 $a<>trasmissione familiare e fiduciaria della ricchezza$elegittimari, riduzione, testamento, fedecommesso, donazione diretta e indiretta, assicurazione, revocazione, contratti bancari, fondazione, rendita vitalizia, fiducia, clausole societarie, trasmissione dell'impresa, trusts, mandato, mantenimento, fondo patrimoniale : aspetti fiscali$fSandro Merz$ghanno collaborato Umberto Giovannoni ... [et al.] 210 $aPadova$cCEDAM$d1998 215 $aXVIII, 719 p.$d24 cm. 700 1$aMerz$b, Sandro$3AF00004031$4070$0231107 801 0$aIT$bUNISOB$c20220722$gRICA 850 $aUNISOB 852 $aUNISOB$j340$m96012 912 $aSON0004162 940 $aM 102 Monografia moderna SBN 941 $aM 957 $a340$b001974$gSI$d96012$rACQUISTO$p80.000$1rovito$2UNISOB$3UNISOB$420220722072802.0$520220722072824.0$6rovito 996 $aTrasmissione familiare e fiduciaria della ricchezza$9661029 997 $aUNISOB